00351nam a2200121Ia 4500008004100000041000800041082000800049100007700057245003200134260004900166300000800215440000600223221007s9999 xx 000 0 und d aeng bGAU aGauri Deshpande - 2k161013; Prof. Pranita Sonar - Guide & Parag Agencies 2aA Study Of Job Satisfaction c2016bSavitribai Phule Pune UniversityaPune a63p v1